• 首页
  • 本馆介绍
  • 公告通知
  • 最新文献
  • 馆藏检索
  • 电子资源
  • 读者导购
  • 参考咨询
  • 我的图书馆
  • 登录
  • 详细信息显示
  • 放入我的书架
  • 预约/预借图书
  • 作者相关作品
  • 分类相关作品
  • 丛书相关作品
  • 出版社相关作品

书目信息

  • 表格格式
  • 工作单格式
  • 卡片格式
题名:
颜氏家训
    
 
作者: 颜之推 著 ;宗福常 译
分册:  
出版信息: 北京   外文出版社  2004
页数: 29,422页
开本: 23cm
丛书名: 大中华文库
单 册:
中图分类: H319.4:B
科图分类:
主题词: 英语--汉语--对照读物 , 英语 , 汉语 , 家庭道德 , 家庭道德--中国--南北朝时代
电子资源:
ISBN: 7-119-03324-7
000 01148nam0 2200325 450
001 TS-060066
005 20061228152822.71
010    @a7-119-03324-7@b精装@dCNY70.00
100    @a20060829d2004 em y0chiy0110 ea
101 2  @achi@aeng
102    @aCN@b110000
105    @ay z 000yy
200 1  @a颜氏家训@AYan Shi Jia Xun@f(南北朝)颜之推著@F( Nan Bei Chao ) Yan Zhi Tui Zhu@g宗福常译
210    @a北京@c外文出版社@d2004
215    @a29,422页@d23cm
225 2  @a大中华文库@e汉英对照
300    @a《大中华文库 》出版经费经费资助
330    @a本书介绍这部中国最著名的“家训”,针对这部以儒家思想全面阐发修身治家之道的开山典籍收录原文、提供汉语译文与英译。
410  0 @1001012001068084@12001 @a大中华文库
510 1  @aAdmonitions for the Yan Cian-A Chinese Clssicon Household Management@zeng
606 0  @a英语@x汉语@x对照读物
606 0  @a英语
606 0  @a汉语
606 0  @a家庭道德
606 0  @a家庭道德@y中国@z南北朝时代
690    @aH319.4:B@v4
701  0 @c(隋)@a颜之推@AYan Zhi Tui@f(531~595?)@4著
702  0 @a宗福常@AZong Fu Chang@c(翻译)@4译
801  0 @aCN@b中图数据@c20061228
905    @a10447@dH319.4:B@e1147
    
    颜氏家训/(南北朝)颜之推著/宗福常译.-北京:外文出版社,2004
    29,422页;23cm.-(大中华文库:汉英对照)
    《大中华文库 》出版经费经费资助
    
    ISBN 7-119-03324-7(精装):CNY70.00
    本书介绍这部中国最著名的“家训”,针对这部以儒家思想全面阐发修身治家之道的开山典籍收录原文、提供汉语译文与英译。
●
相关链接 在E读中查询图书 在五车中查询图书 在当当中查询图书 在豆瓣中查询图书


正题名:颜氏家训     索取号:H319.4:B/1147         预约/预借

序号 登录号 条形码 馆藏地/架位号 状态 备注
1 0616479   206164791   第二样本阅览室/ [索取号:H319.4:B/1147] 在馆    
2 0616480   206164808   第四借阅区/ [索取号:H319.4:B/1147] 在馆    
3 0616481   206164817   第四借阅区/ [索取号:H319.4:B/1147] 在馆    
唐山师范学院图书馆 欢迎您!
大连网信软件有限公司© 版权所有